Sports Quiz

Random Sports Quiz

All teams in Liga I History Quiz Stats

Quiz not verified by Sporcle

Also try: NBA Finals MVPs
Challenge
Share
Tweet
http://media.romeonet.ro/albums/userpics/10001/bilete-supercupa-romaniei-steaua-petrolul.jpg
Score 0/58 Timer 12:00
0 Plays Today
Foundation Date Team % Correct
7 iunie 1947FCSB
100%
14 mai 1998Dinamo Bucuresti
92.3%
25 iunie 1923Rapid Bucuresti
76.9%
1964Otelul Galati
76.9%
1907CFR Cluj
69.2%
1954-2011Unirea Urziceni
69.2%
1948-2011FC Universitatea Craiova
46.2%
Septembrie 1919Universitatea Cluj
46.2%
1922Gloria Bistrita
46.2%
2002-2014FC Vaslui
46.2%
1924Petrolul Ploiesti
38.5%
1936FC Brasov
38.5%
1949Farul Constanta
38.5%
1945Gaz Metan Medias
38.5%
1957Concordia Chiajna
38.5%
2009Viitorul Constanta
38.5%
2001FC Botosani
38.5%
1921-2012Politehnica Timisoara
30.8%
18 aprilie 1945UTA Arad
30.8%
1945-2010Politehnica Iasi
30.8%
1921Astra Giurgiu
30.8%
20 octombrie 1919Ceahlaul Piatra-Neamt
30.8%
1962Pandurii Targu-Jiu
30.8%
1914-1957Venus Bucuresti
30.8%
2012ACS Poli Timisoara
30.8%
16 august 2010CSMS Iasi
30.8%
2010Corona Brasov
30.8%
1916Sportul Studentesc
23.1%
1928-1948Ripensia Timisoara
23.1%
Foundation Date Team % Correct
1971Gloria Buzau
23.1%
1924Unirea Alba-Iulia
23.1%
2004ASA Targu-Mures
23.1%
1937-1947Carmen Bucuresti
23.1%
2010Sageata Navodari
23.1%
2000-2011International Curtea de Arges
23.1%
2007-2012Vointa Sibiu
23.1%
1968Victoria Branesti
23.1%
2013CSU Craiova
23.1%
1953-2013Arges Pitesti
15.4%
1950-2013FCM Bacau
15.4%
1919Jiul Petrosani
15.4%
1944FC National
15.4%
1970-2014Dunarea Galati
15.4%
1910-1949Chinezul Timisoara
15.4%
2007-2013CS Turnu-Severin
15.4%
1921-2004Corvinul Hunedoara
7.7%
1926FCM Resita
7.7%
1973Olt Scornicesti
7.7%
1950-2010Chindia Targoviste
7.7%
1921Olimpia Satu-Mare
7.7%
1964Foresta Falticeni
7.7%
1920-2010Minerul Lupeni
7.7%
1953-2009Rocar Bucuresti
7.7%
15 august 2000CS Mioveni
7.7%
2001-2013CS Otopeni
7.7%
1902-2016Bihor Oradea
0%
1949-2004Extensiv Craiova
0%
1921Industrializarea Sarmei Campia Turzii
0%

You're not logged in!

Compare scores with friends on all Sporcle quizzes.
Sign Up with Email
OR
Log In

You Might Also Like...

Show Comments

Extras

Top Quizzes Today


Score Distribution

Your Account Isn't Verified!

In order to create a playlist on Sporcle, you need to verify the email address you used during registration. Go to your Sporcle Settings to finish the process.